<?xml version="1.0" encoding="UTF-8"?>
<record
    xmlns:xsi="http://www.w3.org/2001/XMLSchema-instance"
    xsi:schemaLocation="http://www.loc.gov/MARC21/slim http://www.loc.gov/standards/marcxml/schema/MARC21slim.xsd"
    xmlns="http://www.loc.gov/MARC21/slim">

  <leader>03173nam a2200541Ia 4500</leader>
  <controlfield tag="001">2334</controlfield>
  <controlfield tag="008">241029s9999    xx            000 0 und d</controlfield>
  <datafield tag="010" ind1=" " ind2=" ">
    <subfield code="a">2192</subfield>
  </datafield>
  <datafield tag="041" ind1=" " ind2=" ">
    <subfield code="a">Espa&#xF1;ol</subfield>
  </datafield>
  <datafield tag="082" ind1=" " ind2=" ">
    <subfield code="a">EDU-Ma 2008 O783</subfield>
  </datafield>
  <datafield tag="245" ind1=" " ind2="0">
    <subfield code="a">Desarrollo social y acad&#xE9;mico de los estudiantes con necesidades educativas especiales que participan en clases inclusivas en el 9no. Grado de la Escuela ABC.</subfield>
  </datafield>
  <datafield tag="260" ind1=" " ind2=" ">
    <subfield code="a">En el extranjero</subfield>
  </datafield>
  <datafield tag="300" ind1=" " ind2=" ">
    <subfield code="a">99</subfield>
  </datafield>
  <datafield tag="520" ind1=" " ind2=" ">
    <subfield code="a">4</subfield>
  </datafield>
  <datafield tag="630" ind1=" " ind2=" ">
    <subfield code="a">Ense&#xF1;anza</subfield>
  </datafield>
  <datafield tag="630" ind1=" " ind2=" ">
    <subfield code="a">Integraci&#xF3;n Social</subfield>
  </datafield>
  <datafield tag="630" ind1=" " ind2=" ">
    <subfield code="a">Necesidades Educativas</subfield>
  </datafield>
  <datafield tag="650" ind1=" " ind2=" ">
    <subfield code="a">Ense&#xF1;anza</subfield>
  </datafield>
  <datafield tag="690" ind1=" " ind2=" ">
    <subfield code="a">Elaborado</subfield>
  </datafield>
  <datafield tag="700" ind1=" " ind2=" ">
    <subfield code="e">asesor</subfield>
    <subfield code="a">Di N&#xFA;bila, Carlos </subfield>
  </datafield>
  <datafield tag="700" ind1=" " ind2=" ">
    <subfield code="e">autor</subfield>
    <subfield code="a">Ortega Guill&#xE9;n, Andrea</subfield>
  </datafield>
  <datafield tag="901" ind1=" " ind2=" ">
    <subfield code="a">{"1":"Ortega Guill&#xE9;n"}</subfield>
    <subfield code="b">{"1":"Andrea"}</subfield>
  </datafield>
  <datafield tag="902" ind1=" " ind2=" ">
    <subfield code="a">1</subfield>
  </datafield>
  <datafield tag="903" ind1=" " ind2=" ">
    <subfield code="a">{"1":"Di N&#xFA;bila"}</subfield>
    <subfield code="b">{"1":"Carlos "}</subfield>
  </datafield>
  <datafield tag="904" ind1=" " ind2=" ">
    <subfield code="a">Maestr&#xED;a en</subfield>
  </datafield>
  <datafield tag="905" ind1=" " ind2=" ">
    <subfield code="a">Educaci&#xF3;n Especial</subfield>
  </datafield>
  <datafield tag="906" ind1=" " ind2=" ">
    <subfield code="a">2</subfield>
  </datafield>
  <datafield tag="907" ind1=" " ind2=" ">
    <subfield code="a">NO APLICA</subfield>
  </datafield>
  <datafield tag="908" ind1=" " ind2=" ">
    <subfield code="a">NO APLICA</subfield>
  </datafield>
  <datafield tag="909" ind1=" " ind2=" ">
    <subfield code="a">Universidad Nacional Pedro Henr&#xED;quez Ure&#xF1;a (UNPHU), Recinto Garrido Puello</subfield>
  </datafield>
  <datafield tag="910" ind1=" " ind2=" ">
    <subfield code="a">NULL</subfield>
    <subfield code="b">NULL</subfield>
  </datafield>
  <datafield tag="911" ind1=" " ind2=" ">
    <subfield code="a">["1"]</subfield>
  </datafield>
  <datafield tag="912" ind1=" " ind2=" ">
    <subfield code="a">NO APLICA</subfield>
  </datafield>
  <datafield tag="913" ind1=" " ind2=" ">
    <subfield code="a">NULL</subfield>
  </datafield>
  <datafield tag="914" ind1=" " ind2=" ">
    <subfield code="a">15 de Junio de 2008</subfield>
  </datafield>
  <datafield tag="915" ind1=" " ind2=" ">
    <subfield code="a">28/11/19 12:11</subfield>
  </datafield>
  <datafield tag="916" ind1=" " ind2=" ">
    <subfield code="a">NULL</subfield>
  </datafield>
  <datafield tag="917" ind1=" " ind2=" ">
    <subfield code="a">NULL</subfield>
  </datafield>
  <datafield tag="918" ind1=" " ind2=" ">
    <subfield code="a">Educaci&#xF3;n especial</subfield>
  </datafield>
  <datafield tag="919" ind1=" " ind2=" ">
    <subfield code="a">["202","124","145"]</subfield>
  </datafield>
  <datafield tag="520" ind1=" " ind2=" ">
    <subfield code="a">Esta investigaci&#xF3;n tiene por objetivo dar a conocer los logros alcanzados por los estudiantes con NEE, en las &#xE1;reas acad&#xE9;micas y sociales dentro de la escuela, debido a su integraci&#xF3;n en programas de inclusi&#xF3;n. Este estudio se realiz&#xF3; con una metodolog&#xED;a cuantitativa en el an&#xE1;lisis de la informaci&#xF3;n, es de tipo descriptivo correlacional. La recolecci&#xF3;n de la informaci&#xF3;n se hizo a partir de un m&#xE9;todo anal&#xED;tico a trav&#xE9;s de la revisi&#xF3;n documental, la observaci&#xF3;n, encuestas y entrevistas con el personal involucrado. Las clases inclusivas se componen de 15 estudiantes regulares y 10 de educaci&#xF3;n especial.Las principales conclusiones fueron: mientras m&#xE1;s apoyo les brinden la administraci&#xF3;n, los padres, profesores y lo dem&#xE1;s alumnos, m&#xE1;s comprometidos se sienten los estudiantes especiales en adquirir mejores calificaciones y logros grupales. Es necesario que no s&#xF3;lo los estudiantes especiales ser&#xED;an beneficiados, sino tambi&#xE9;n los estudiantes regulares, ya que con el aumento de los primeros en las mismas aulas, los dem&#xE1;s estudiantes empiezan a brindarles su apoyo y se vuelven menos pre-juiciosos, m&#xE1;s sensibles y alertas a las necesidades de los dem&#xE1;s, y por lo tanto, m&#xE1;s cooperativos.Entre las recomendaciones se encuentran que la escuela ABC debe incrementar de forma gradual, el n&#xFA;mero de estudiantes con necesidades educativas especiales que participan en clases inclusivas, para que m&#xE1;s alumnos puedan ser beneficiados y a la vez, puedan formar parte de la nueva visi&#xF3;n de los procesos de educaci&#xF3;n para todos y todas. Otra es que se mantenga un programa obligatorio de entrenamiento y reforzamiento para los profesores de forma peri&#xF3;dica durante cada semestre.</subfield>
  </datafield>
  <datafield tag="921" ind1=" " ind2=" ">
    <subfield code="a">16</subfield>
  </datafield>
  <datafield tag="922" ind1=" " ind2=" ">
    <subfield code="a">16</subfield>
  </datafield>
  <datafield tag="923" ind1=" " ind2=" ">
    <subfield code="a">0</subfield>
  </datafield>
  <datafield tag="924" ind1=" " ind2=" ">
    <subfield code="a">NO APLICA</subfield>
  </datafield>
  <datafield tag="942" ind1=" " ind2=" ">
    <subfield code="c">Tesis</subfield>
  </datafield>
  <datafield tag="999" ind1=" " ind2=" ">
    <subfield code="c">2192</subfield>
    <subfield code="d">2192</subfield>
  </datafield>
</record>
